000 03705nab a2200277 i 4500
003 BR-BrBNA
005 20241105152552.0
008 241105b2008 bl.qr|pooa||| 00| 0 por |
040 _aBR-BrBNA
_bpor
072 _aF70
100 _aVaz-Imbassahy, Thaís de Freitas
100 _aImbassahy, Caio Amitrano de Alencar
100 _aCosta, Denise Pinheiro da
245 _aSinopse de Pilotrichaceae (Bryophyta) no Brasil
500 _aPublicação on-line; Bibliography p. 793-797 (93 ref.); 1 table; 2 illus.; Summaries (En, Pt)
520 _a RESUMO (Sinopse de Pilotrichaceae (Bryophyta) no Brasil) A família Pilotrichaceae no Brasil apresenta 11 gêneros e 51 espécies, ocorre principalmente nos biomas Mata Atlântica e Amazônia, com maior riqueza de espécies concentradas nas Regiões Sudeste e Sul. Trinta e quatro táxons são neotropicais e 10 endêmicos do Brasil. Quatro táxons são considerados Vulneráveis, um Em Perigo e dois Criticamente em Perigo no país. Neste estudo foram aceitos os vinte oito sinônimos recentemente realizados no tratamento para o estado do Rio de Janeiro e nas revisões dos gêneros Lepidopilum e Hypnella.Foram estudados materiais tipos de seis espécies. É apresentada uma chave para gêneros e espécies, e para cada táxom são fornecidas informação sobre o tipo, material examinado, distribuição geográfica no Brasil e no mundo, substrato, variação altitudinal, status de conservação dos táxons no país e comentários taxonômicos quando necessários. São apresentadas ao final do trabalho três listas, uma de sinônimos e duas de táxons excluídos. São fornecidas também ilustrações para aqueles táxons que representam novos registros ou que se encontram ameaçados no país ou que não possuem ilustrações. Este estudo permitiu uma redução de 20% do número total de táxons citados para o Brasil. Palavras-chave: briófitas, taxonomia, conservação, musgos pleurocárpicos.
520 _a ABSTRACT (Synopsis of Pilotrichaceae (Bryophyta) from Brasil) The Pilotrichaceae is represented in Brazil by 11 genera and 51 species, occurring mainly in the Atlantic Rain Forest and Amazonia, with the highest richness found in southeastern and southern Brazil. Thirty-four species are neotropical and 10 are endemic to Brazil. Four species are considered vulnerable, one endangered and two critically endangered. In this study 28 synonyms recently reduced in the treatment for Rio de Janeiro state and the taxonomic revisions of Lepidopilum e Hypnella are accepted. Type material of six species were studied. A key for the genera and species is provided, and for each species the following information is given; types, material examined, distributional range, substrate, altitudinal range, conservation status in the country and, when necessary, taxonomic comments. Following the taxonomic treatment three lists are presented, one with synonyms and two with excluded taxa. Illustrations are provided for those species that represents new records, considered threatened or those with no illustrations. This study reduced by 20% the total number of taxa cited previously for Brazil. Key words: bryophytes, taxonomy, conservation, pleurocarpous mosses.
650 _aBRIÓFITA
650 _aTAXONOMIA
650 _aCONSERVAÇÃO
650 _aMUSGO
773 0 _0709
_9345945
_dRio de Janeiro-RJ Jardim Botanico do Rio de Janeiro 1935
_o2024-6595
_tRodriguésia (Brazil)
_x0370-6583; 2175-7860 on-line
_gv. 59(4) p. 765-797; (2008)
_wBR2024003301
856 _uhttps://www.scielo.br/j/rod/a/Pjz3xf9mtM5b8ys7wWQV3mn/?format=pdf&lang=pt
942 _cANA
999 _c328442
_d328442